000 00603nam a2200181Ia 4500
008 090124s9999 xx 000 0 und d
082 _b108520
100 _aसरदेसाई लक्ष्मणराव
245 _a संसारांतील अमृत
250 _a1
260 _c1961
300 _a164
600 _aसरदेसाई लक्ष्मणराव
630 _a संसारांतील अमृत
700 _aसरदेसाई लक्ष्मणराव
730 _a संसारांतील अमृत
942 _cBOOK
999 _c154611
_d154611